Space Flags of Countries #1 - Statistics

General Stats
  • This quiz has been taken 35 times
  • The average score is 16 of 20
Answer Stats
Picture Answer % Correct
Argentina
91%
Brazil
91%
India
91%
Ireland
91%
Japan
91%
South Africa
91%
United States
91%
Jamaica
88%
Germany
85%
Kazakhstan
85%
New Zealand
85%
Lebanon
82%
Romania
79%
Ethiopia
76%
Finland
74%
Kiribati
71%
Cuba
68%
Panama
68%
Poland
38%
Senegal
35%
No matching quizzes found
Score Distribution
Percent of People with Each Score
Percentile by Number Answered
Your Score History
You have not taken this quiz